States that Have Been Red the Longest - Statistics

General Stats
  • This quiz has been taken 28,654 times
    28,640 since last reset
  • The average score is 7 of 9
Answer Stats
Since Last Democrat State % Correct
1968 Johnson North Dakota
86%
1968 Johnson South Dakota
85%
1968 Johnson Kansas
82%
1968 Johnson Idaho
80%
1968 Johnson Wyoming
80%
1968 Johnson Oklahoma
78%
1968 Johnson Nebraska
75%
1968 Johnson Utah
74%
1968 Johnson Alaska
72%
No matching quizzes found
Score Distribution
Percent of People with Each Score
Percentile by Number Answered
Your Score History
You have not taken this quiz since the last reset